Návrh zlepšenia úrovne motivácie výrobných zamestnancov vo firme HOLLEN s.r.o. = Project of employees motivation development in the company HOLLEN s.r.o. : Bakalárska práca

Gespeichert in:
Bibliographische Detailangaben
1. Verfasser: Pašková, Ivana, 1986- (Verfasst von)
Weitere Verfasser: Horňák, František, 1969- (xxx)
Format: Manuskript Buch
Sprache:Slowakisch
Veröffentlicht: Trnava : STU v Bratislave MTF UPMK, 2008
Schlagworte:
Tags: Tag hinzufügen
Keine Tags, Fügen Sie das erste Tag hinzu!

MARC

LEADER 00000ntm a22000003a 4500
001 stu174421
005 20160719155917.6
008 081024s2008----xo------------------slo-d
040 |a STU  |b slo 
041 0 |a slo 
044 |a xo 
100 1 |a Pašková, Ivana,  |d 1986-  |4 aut  |X 30323  |7 A000030323 
245 1 |a Návrh zlepšenia úrovne motivácie výrobných zamestnancov vo firme HOLLEN s.r.o. = Project of employees motivation development in the company HOLLEN s.r.o. :  |b Bakalárska práca 
260 |a Trnava :  |b STU v Bratislave MTF UPMK,  |c 2008 
300 |a 54 s  |c príl (1 CD-ROM) 
500 |a Študijný program: priemyselné manažérstvo 
500 |a Študijný odbor: 5.2.52 priemyselné inžinierstvo 
650 7 |a motivácia zamestnancov  |2 stusub 
700 1 |a Horňák, František,  |d 1969-  |4 xxx  |u M4000  |U MTF Materiálovotechnologická fakulta  |T MTF Ústav priemyselného inžinierstva a manažmentu  |X 1533  |U M4000  |Y 84  |7 1533 
996 |b 284M068962  |c M*BP-3694  |l MMSKP  |s P  |a 0  |w stu174421_0001